000 01119nam a22002417a 4500
005 20250401125919.0
008 250401b |||||||| |||| 00| 0 eng d
020 _a978-93-88359-67-2 (hbk)
037 _cTB
040 _aCRL
_cCRL
041 _2hin
_ahin
084 _aV2y7M69:g R0
_qCRL
245 _aगांधी का हिन्दी संघर्ष
260 _aनई दिल्ली, भारत:
_bसस्ता साहित्य मण्डल प्रकाशन,
_c2020.
300 _a116पृ0
365 _b110.00
_cINR
650 _aगांधी
650 _aभारत - इतिहास
700 _aमिश्र, गिरीश्वर (संपादक)
700 _aप्रसाद, डी. एन. (संपादक)
_9168204
942 _2CC
_cTB
_hV2y7M69:g R0
_n0
999 _c1308325
_d1308325